| 000 | 00703nam a2200265Ia 4500 | ||
|---|---|---|---|
| 008 | 171120s9999 xx 000 0 und d | ||
| 020 | _a971086744X | ||
| 050 | _a899.21 | ||
| 050 | _bC335 2007 | ||
| 100 | _aCasanova, Arthur P. | ||
| 245 | _aSamu't saring dulang pambata / | ||
| 245 | _cby Arthur P. Casanova and Rena O. Villanueva. | ||
| 260 | _aPhilippines : | ||
| 260 | _bNational Book Store, | ||
| 260 | _c2007 | ||
| 300 | _a149 pages : | ||
| 300 | _billustrations ; | ||
| 300 | _c22cm. | ||
| 650 | _aChildren's plays, Filipino. | ||
| 650 | _aChildren's theater -- | ||
| 650 | _aFilipino drama. | ||
| 650 | _xPhilippines. | ||
| 700 | _aTitle. | ||
| 700 | _aVillanueva, Rena O. | ||
| 999 |
_c345382 _d345382 |
||